000 00202 a2200097 4500
001 19828
100 _aJames, M L
245 _aApplied numerical methods
260 _a
_bI T C
_c
090 _c14452
_d14452
942 _aNUST-CAE
_cM
_c4950
999 _c254901
_d254901